| Record ID | ia:flashmanfromflas0000fras |
| Source | Internet Archive |
| Download MARC XML | https://archive.org/download/flashmanfromflas0000fras/flashmanfromflas0000fras_marc.xml |
| Download MARC binary | https://www.archive.org/download/flashmanfromflas0000fras/flashmanfromflas0000fras_meta.mrc |
LEADER: 02822cam 2200709 a 4500
001 ocm44015750
003 OCoLC
005 20200715030728.0
008 000508r19991969enkb 000 1 eng
040 $aUKM$beng$cUKM$dOCLCQ$dYDXCP$dOCLCG$dOCLCQ$dUKBNS$dUKBCI$dRBN$dOCLCO$dUKSCO$dOCLCF$dOCLCO$dOCL$dSAKAP$dOCLCQ$dOCLCO$dERL$dOCLCA$dBGU$dUNITY
015 $aGB98V6366$2bnb
020 $a0006511252
020 $a9780006511250
035 $a(OCoLC)44015750
043 $ae-uk---$aa-af---
050 14 $aPR6056.R287$bF6 1999
082 04 $a823.914$221
084 $aF$2bcmc
100 1 $aFraser, George MacDonald,$d1925-2008.
245 10 $aFlashman :$bfrom the Flashman papers, 1839-42 /$cedited and arranged [i.e. written] by George MacDonald Fraser.
260 $aLondon :$bHarperCollins,$c1999, ©1969.
300 $a299 pages, map ;$c20 cm.
336 $atext$btxt$2rdacontent
337 $aunmediated$bn$2rdamedia
338 $avolume$bnc$2rdacarrier
490 1 $aThe Flashman papers ;$vv. 1
500 $aOriginally published: London : Jenkins, 1969.
520 $aFlashman, soldier, duellist, lover, imposter, coward, cad and hero, triumphs in this first instalment of The Flashman Papers. Harry Flashman was first seen as the bully in Tom Brown's School Days.
610 10 $aGreat Britain.$bArmy$xOfficers$vFiction.
650 0 $aUndercover operations$zAfghanistan$vFiction.
650 0 $aFlashman, Harry Paget (Fictitious character)$vFiction.
651 0 $aAfghanistan$xHistory$y19th century$vFiction.
610 14 $aGreat Britain.$bArmy$xOfficers$vFiction.
610 17 $aGreat Britain.$bArmy.$2fast$0(OCoLC)fst00533555
650 7 $aArmed Forces$xOfficers.$2fast$0(OCoLC)fst00814617
650 7 $aFlashman, Harry Paget (Fictitious character)$2fast$0(OCoLC)fst00927056
650 7 $aUndercover operations.$2fast$0(OCoLC)fst01160879
651 7 $aAfghanistan.$2fast$0(OCoLC)fst01205406
648 7 $a1800-1899$2fast
655 7 $aFiction.$2fast$0(OCoLC)fst01423787
655 7 $aHistory.$2fast$0(OCoLC)fst01411628
655 7 $aAdventure fiction.$2gsafd
800 1 $aFraser, George MacDonald,$d1925-2008.$tFlashman papers ;$vv. 1.
938 $aYBP Library Services$bYANK$n100144198
029 1 $aAU@$b000014633044
029 1 $aAU@$b000021497469
029 1 $aNOK$b0006511252
029 1 $aNZ1$b5689661
029 1 $aUKBCI$b065348028
029 1 $aUKBNS$b065348028
029 1 $aUKBOR$b065348028
029 1 $aUKDEL$b065348028
029 1 $aUKDON$b0006511252
029 1 $aUKDOR$b065348028
029 1 $aUKMDD$b0006511252
029 1 $aUKPMH$b065348028
029 1 $aUKSCO$b065348028
029 1 $aUKSGC$b065348028
029 1 $aUKSOM$b065348028
029 1 $aUNITY$b065348028
994 $aZ0$bP4A
948 $hNO HOLDINGS IN P4A - 97 OTHER HOLDINGS